00641nam a2200157Ia 4500008004100000024006800041082001700109100008800126110002300214245004200237260002600279600002100305650003300326856010700359999001700466260210s9999 xx 000 0 und d a18B-014-CS, 18B-054-CS, 18B-006-CS, 17B-039-CS & 18B-090-CS a004.1072 KHU aKainat Khursheed, Muhammad Sohaib, Shaheer Ahmed & Syed Shah Abdul Rehman Warsi aDr. Sharaf Hussain 0aWeb Based Journals Recommender System aKarachi:bUITU,c2018 aComputer Science aBachelor of Engineering (BE) uhttps://drive.google.com/file/d/1Ne6k9VDRLOn3ZRDb_erDTES0M69Yz70_/view?usp=sharingyClick here for PDF c32497d32497